| 000 | 01331cam a22003377i 4500 | ||
|---|---|---|---|
| 001 | 21287607 | ||
| 005 | 20240321091233.0 | ||
| 008 | 191102s2001 nju 001 0 eng d | ||
| 010 | _a 2019304139 | ||
| 020 |
_a9780130200068 _q(hbk.) |
||
| 035 | _a(OCoLC)ocm47841466 | ||
| 040 |
_aBOS _beng _erda _cBOS _dOCLCQ _dOCL _dYDXCP _dCUY _dY3N _dOCLCF _dI8M _dOCLCQ _dDLC |
||
| 042 | _alccopycat | ||
| 050 | 0 | 0 |
_aTA350 _b.H48 2001 |
| 082 | 0 | 4 |
_a620.105 _221 _bHIB |
| 100 | 1 |
_aHibbeler, R. C., _eauthor. |
|
| 245 | 1 | 0 |
_aInstructors' Solution Manual Engineering mechanics. _pStatics / _cR.C. Hibbeler. |
| 250 | _a15th ed. | ||
| 260 |
_aUpper Saddle River, New Jersey : _bPrentice-Hall, _c[2001] |
||
| 300 |
_axvi, 1169 pages ; _c25 cm |
||
| 336 |
_atext _btxt _2rdacontent |
||
| 337 |
_aunmediated _bn _2rdamedia |
||
| 338 |
_avolume _bnc _2rdacarrier |
||
| 500 | _aHB | ||
| 650 | 0 | _aMechanics, Applied. | |
| 650 | 7 |
_aMechanics, Applied. _2fast _0(OCoLC)fst01013489 _9122174 |
|
| 776 | 0 | 8 |
_iOnline version: _aHibbeler, R.C. _tEngineering mechanics. Statics & dynamics. _b9th ed. _dUpper Saddle River, N.J. : Prentice Hall, ©2001 _w(OCoLC)712561183 |
| 906 |
_a7 _bcbc _ccopycat _d2 _encip _f20 _gy-gencatlg |
||
| 942 |
_2ddc _cBK |
||
| 999 |
_c608700 _d608700 |
||